TINKLE (Record no. 2703)
[ view plain ]
| 000 -LEADER | |
|---|---|
| fixed length control field | 00275nam a22001217a 4500 |
| 082 ## - DEWEY DECIMAL CLASSIFICATION NUMBER | |
| Classification number | 823 |
| Item number | PAI/T |
| 100 ## - MAIN ENTRY--AUTHOR NAME | |
| Personal name | PAI, ANANT (ED) |
| 245 ## - TITLE STATEMENT | |
| Title | TINKLE |
| Remainder of title | DIGEST |
| 260 ## - PUBLICATION, DISTRIBUTION, ETC. (IMPRINT) | |
| Place of publication | MUMBAI |
| Name of publisher | PADMINI MIRCHANDANI |
| Year of publication | 2003 |
| 300 ## - PHYSICAL DESCRIPTION | |
| Number of Pages | 96 |
| 650 ## - SUBJECT ADDED ENTRY--TOPICAL TERM | |
| Topical Term | ENGLISH SHORT STORY |
| Geographic subdivision | MUMBAI |
| 942 ## - ADDED ENTRY ELEMENTS (KOHA) | |
| Koha item type | Books |
| Withdrawn status | Lost status | Collection code | Home library | Current library | Shelving location | Date acquired | Source of acquisition | Full call number | Accession Number | Koha item type |
|---|---|---|---|---|---|---|---|---|---|---|
| Fiction | Main Library | Main Library | SHELF 3- D- ENGLISH CHILDRENS LITERATURE &MYTHOLOGY | 25/11/2019 | PURCHASE | 823 PAI/T | 12009 | Books |